| 000 | 01852nam0a2200337 4500 | ||
|---|---|---|---|
| 001 | RU\NLR\bibl\828520 | ||
| 005 | 20260406002650.0 | ||
| 020 |
_aRU _b05-05308 _9Летопись авторефератов диссертаций |
||
| 021 |
_aRU _b2005-910а _9037а |
||
| 035 | _a(NLR Aleph) 000817401 | ||
| 090 |
_a1279485 _c1279485 |
||
| 100 | _a20050628d2004 u u0rusy50 ca | ||
| 101 | 0 | _arus | |
| 102 | _aRU | ||
| 105 | _ay dm ||||| | ||
| 200 | 1 |
_aФормирование стратегической компетенции учащихся в процессе обучения чтению _e(Нем. яз. в лицеях и гимназиях) _eавтореф. дис. на соиск. учен. степ. к.п.н. _eспец. 13.00.02 _fКузнецова Галина Александровна _g[Моск. гос. лингвист. ун-т] |
|
| 210 |
_aМосква _d2004 |
||
| 215 |
_a23 с. _d21 |
||
| 320 | _aБиблиогр.: с.22-23 (4 назв.) | ||
| 675 |
_a373.5.016:811.112.2 _v3 _zrus |
||
| 686 |
_a14.23 _2rugasnti |
||
| 686 |
_a74 _2rubbk |
||
| 686 |
_a13.00.02 _2oksvnk |
||
| 700 | 1 |
_4070 _7ca _8rus _aКузнецова _bГ. А. _cканд. пед. наук, нем. язык _gГалина Александровна _995129 _3RU\NLR\auth\77112204 |
|
| 801 | 0 |
_aRU _bRKP _c20050628 _gPSBO |
|
| 801 | 1 |
_aRU _bRKP _c20050628 |
|
| 801 | 2 |
_aRU _bNLR _c20120522 _grcr |
|
| 901 | _eАвторефераты | ||
| 942 | _cBOOK | ||
| 981 | 1 | 0 |
_a(10) Авторефераты _b(10) 13.00.00 Педагогические науки _b13.00.02 Теория и методика обучения и воспитания (по областям и уровням дошкольного и школьного образования) |